Представление документа в формате RUSMARC

ПолеНазваниеЗначение
  Тип записи a
  Библиографический уровень a
001 Контрольный номер RU/CBS_Ul/BASE/537554825
005 Дата корректировки 20240209175209.0
100 Данные общей обработки __
a Данные общей обработки 20170112d2017 ||| 0rusy0189 ca
101 Язык документа 0_
a Язык текста rus
102 Страна публикации __
a Страна публикации RU
105 Кодированные данные (монография) __
a Кодированные данные (монография) y###||||000|y
200 Заглавие и сведения об ответственности 1_
a Заглавие Юбилей казанского По-2
b Общее обозначение материала Текст
e Сведения, относящиеся к заглавию [75 лет многоцелевому биплану По-2]
f Первые сведения об ответственности Р. Вениаминов
300 Общие примечания __
a Общие примечания Ограничения по возрасту - 16+
461 Уровень набора _0
1 2000
a Авиация и космонавтика вчера, сегодня, завтра
463 Уровень физической единицы _0
1 001RU/CBS_Ul/BASE/530982726
1 2000
a № 9
v С. 18-19 : фото
1 210
d 2016
606 Тематические рубрики 0_
a Основная рубрика По-2, лёгкие бомбардировщики
y Географическая подрубрика Казань, город (Татария)
610 Ключевые слова 0_
a Ключевые слова бомбардировщики
a Ключевые слова лёгкие бомбардировщики
a Ключевые слова бипланы
a Ключевые слова По-2 (лёгкие бомбардировщики)
a Ключевые слова У-2 (лёгкие бомбардировщики)
a Ключевые слова авиационные заводы
686 Индексы других классификаций __
a Классификационный индекс 68.53
2 Код системы ББК
700 Автор _1
a Фамилия Вениаминов
b Имя (инициалы) Р.
801 Источник записи _0
a Страна RU
b Организация МБУК ЦБС г. Ульяновска
c Дата составления 20170112
g Правила каталогизации RCR
801 Источник записи _1
a Страна RU
b Организация МБУК ЦБС г. Ульяновска
c Дата составления 20170112
g Правила каталогизации RCR
901 Тип документа __
t Тип документа b
w Контрольный № источника RU/CBS_Ul/BASE/530982726
910 Корректоры записи __
a Корректор записи Библиотека 2
938 Служебная информация __
a Имя БД period